Buslinie 70 - Leipzig - Statistiken

Allgemein
  • Dieses Quiz wurde 7 mal gespielt
  • Das Durchschnittsergebnis liegt bei 27 aus 50
Antwortstatistiken
Antwort Übergang % Korrekt
Mockau Post 1, 9, 80, 84
100%
Mockau-West
100%
Thekla 9, 79, 80, 81, 82, 83
100%
Altes Messegelände 2, 15, 74
80%
Braun-/Bautzner Straße
80%
Braun-/Heiterblickstraße
80%
Löbauer Straße 1, 77, 90
80%
Markkleeberg-West 107
80%
Naunhofer Straße 2, 15, 74, 76
80%
Riebeck-/Oststraße 4, 60
80%
Riebeck-/Stötteritzer Straße 4
80%
Stannebeinplatz 1, 77, 90
80%
Stöckelstraße 1, 90
80%
Stöhrer-/Braunstraße 79
80%
Technisches Rathaus (12), 15, 74
80%
Altenburger Straße
60%
Arthur-Hoffmann-/Richard-Lehmann-Straße 9
60%
Bergstraße
60%
Breite Straße 4, 71, 72, 73
60%
Connewitzer Kreuz 9, 10, 11, 89, 107
60%
Herrmann-Liebmann-/Eisenbahnstraße 1, 3, 8
60%
Mockau, Kirche 9, 84
60%
Pleißenburgwerkstätten
60%
Richard-Lehmann-/Zwickauer Straße 16
60%
Samuel-Lampel-Straße 9, 84
60%
Volksgartenstraße 77, 90
60%
Wildpark 79, 107
60%
Abtnaundorf 79
40%
An der Tabaksmühle
40%
Freiberger Straße
40%
Heiterblickstraße 79
40%
Koburger Brücke 79, 107
40%
Leopoldstraße 107
40%
Markkleeberg, S-Bf 65, 100, 105, 106, 107, S4, S5, S5X, S6
40%
Neutzscher Straße 81, 82, 83
40%
Reudnitz, Koehlerstraße 4, 7, 71, 72, 73
40%
Richard-Lehmann-Straße, HTWK 9, 10, 11
40%
Ring 107
40%
Rosenowstraße 80
40%
S-Bf Thekla 79, S4
40%
Sosaer Straße
40%
Dornbergstraße
20%
Julian-Marchlewski-Straße 77
20%
Markkleeberg, Forsthaus Raschwitz 79, 107
20%
Mathildenstraße 107
20%
Otto-Michael-Straße
20%
Parkstraße 65
20%
Schildberger Weg
20%
Bertolt-Brecht-Straße 77
0%
Schönefeld-Ost, VNG AG
0%
Keine übereinstimmenden Quizze gefunden
Verteilung der Resultate
Anzahl Personen mit jedem Resultat
Perzentil nach korrekt beantworteten Fragen
Ihre Resultats-Entwicklung
Sie haben dieses Quiz noch nicht gespielt